Diccionario Ilustrado : Latín - Español, Español - Latín

Uloženo v:
Podrobná bibliografie
Médium: Kniha
Jazyk:Undetermined
Vydáno: Barcelona, España Larousse 2006
Témata:
Tagy: Přidat tag
Žádné tagy, Buďte první, kdo vytvoří štítek k tomuto záznamu!

MARC

LEADER 00000nam a2200000Ia 4500
008 170316s9999 xx 000 0 und d
040 |a cru BVZT 
090 |a R-413 D-1d LAT-ESP 
245 |a Diccionario Ilustrado : Latín - Español, Español - Latín 
260 |a Barcelona, España 
260 |b Larousse 
260 |c 2006 
300 |a 715 páginas.: il., map., grabs. 
650 |a REFERENCIA 
650 |a DICCIONARIO 
650 |a IDIOMA LATÍN 
650 |a GRABADOS 
650 |a MAPAS 
650 |a ILUSTRACIONES 
650 |a LATÍN ECLESIÁSTICO 
942 |c REF 
999 |c 15023  |d 15023